Normal view
MARC view
- Manay, Shakuntala N
Entry Personal Name
001 - CONTROL NUMBER
- control field: 161
003 - CONTROL NUMBER IDENTIFIER
- control field: OSt
005 - DATE AND TIME OF LATEST TRANSACTION
- control field: 20141210121716.0
008 - FIXED-LENGTH DATA ELEMENTS
- fixed length control field: 141210|| aca||aabn | a|a d
040 ## - CATALOGING SOURCE
- Original cataloging agency: OSt
- Transcribing agency: OSt
100 ## - HEADING--PERSONAL NAME
- Personal name: Manay, Shakuntala N
670 ## - SOURCE DATA FOUND
- Source citation: Work cat.: (OSt): Manay, Shakuntala N Shadaksharaswamy, M , Foods: Facts and Principles , 2012
